000 01506 a2200241 4500
001 4275
005 20260407155432.0
008 260407a2009 arg spa d
003 AR-UNSa-BCEJYS
040 _aAR-UNSa-BCEJYS
_bspa
_cAR-UNSa-BCEJYS
080 _a330.101.542
_xMicroeconomía
245 1 0 _aMicroeconomía
020 _a978-84-8322-500-4
250 _a7a. ed.
264 1 _aMadrid :
_bPearson Educación
_c2009
300 _axxxiii, 850 p.
_c25 cm.
505 _a1. Prolegómenos 2. Los elementos básicos de la oferta y de la demanda - 3. La conducta de los consumidores - 4. La demanda del individuo y del mercado - 5. La incertidumbre y la conducta de los consumidores - 6. La producción - 7. El coste de producción - 8. La maximización de los beneficios y la oferta competitiva - 9. El análisis de los mercados competitivos - 10. La fijación de los precios con poder de mercado - 12. La competencia monopolística y el oligopolio - 13. La teoría de los juegos y la estrategia competitiva - 14. Los mercados de factores - 15. La inversión, el tiempo y los mercados de capitales - 16. El equilibrio general y la eficiencia económica - 17. Los mercados con información asimétrica - 18. Las externalidades y los bienes públicos
942 _cBK
590 _aniveau_biblio:m niveau_hierar:0
100 1 _aPindyck, Robert S.
700 1 _aRubinfeld, Daniel L.
856 4 1 _uhttps://biblioeco.unsa.edu.ar/pmb/images/libros/Microeconomia-l118455.jpg
_yImagen de portada
_qimage/jpeg
999 _c406
_d406